000 00891cab a2200265 4500
001 E84616
008 090401t1996 xxu||||| |||| 00| 0 eng d
035 _a(Sirsi) u79016
041 _aeng
100 _aCollar, N.
245 _aMineral development
260 _c1996
350 _a0
490 _aProperty Law
_v(24) December 1996, 8-9(2)
520 _aOutlines section 96 of the Environment Act 1995 which came into force on 1 January 1997, which requires local authorities to review all planning permissions for mineral development sites, also refers to PAN50 relating to surface mineral extraction.
650 _aENVIRONMENT ACT 1995 S.96
650 _aENVIRONMENT ACT 1995
650 _aMINERAL DEVELOPMENT
650 _aMINERAL EXTRACTION
650 _aMINERAL PERMISSIONS
650 _aPAN50
690 _aMINING AND MINERALS
942 _n0
948 _c18/06/1997
999 _c49654
_d49654